000 01103nam a2200325 i 4500
003 EG-GICUC
005 20260427101914.0
008 260427s1910 fr ||fr|||| 00| 0 fre d
040 _aEG-GiCUC
_bfre
_cEG-GiCUC
_dEG-GiCUC
_eRda
041 0 _afre
082 0 4 _221
_a343.3062
_bGR . P
092 0 4 _221
099 _aLaw1 10 343.3 GR . P 1910
100 1 _aGrandmoulin، J.
_eAuteur
245 1 3 _aLa Procedure Penale Egyptenne.
_nTome Second /
_cPar J. Grandmoulin.
264 1 _aLe Caire :
_bMinistere De L ’ Instruction Publique ,
_c1910.
300 _a406 page :
_c 24 cm.
_billustration ;
336 _2rda contenu
_a texte
337 _2rda medias
_aOrdinateur
338 _2 transporteur rda
_a Ressource en ligne
504 _aBibliography: pages 200-250. 240-220
546 _aTexte en français
650 1 _aDroit pénal
_2qrmak
650 1 _aCode de procédure pénale
_2qrmak
651 1 _2qrmak
_aegypt
710 _aMinistere De L ’ Instruction Publique
856 4 0 _uhttps://fll.law.cu.edu.eg/fulltext/bks/B10-11922.pdf
905 _a30
942 _2ddc
_cBK
_e21
_n0
999 _c73601
_d73601